[Event "TUR-chT Clubs"]
[Site "Konya"]
[Date "2019.07.17"]
[Round "2.9"]
[White "Ekici, Caner"]
[Black "Kelemci, Mehmet Gorkem"]
[Result "1-0"]
[WhiteElo "1650"]
[BlackElo "1565"]
[PlyCount "99"]
[EventDate "2019.07.16"]
[EventType "team-swiss"]
[EventRounds "9"]
[EventCountry "TUR"]
[SourceTitle "CBM 191 Extra"]
[Source "ChessBase"]
[SourceDate "2019.09.30"]
[SourceVersion "1"]
[SourceVersionDate "2019.09.30"]
[SourceQuality "1"]
[WhiteTeam "Sungurlu Egitim Genclik"]
[BlackTeam "Akcakoca Esentepe Okulu"]
[WhiteTeamCountry "TUR"]
[BlackTeamCountry "TUR"]

1. Nf3 Nf6 2. b3 d5 3. e3 e6 4. Bb2 Bd6 5. Be2 0-0 6. c4 b6 7. 0-0 Bb7 8. Qc2 Nbd7 9. Nc3 a6 10. Rad1 c5 11. d4 Qc7 12. h3 Rac8 13. dxc5 Nxc5 14. Nd2 Rfd8 15. b4 Ncd7 16. Qb3 Ne5 17. cxd5 Nxd5 18. Nde4 Nxc3 19. Nxc3 Qe7 20. Na4 Qg5 21. f3 Bd5 22. Rxd5 exd5 23. f4 Qg3 24. fxe5 Bxe5 25. Bxe5 Qxe5 26. Bf3 Rd6 27. Qd3 Re8 28. Re1 Qg3 29. Rc1 Rde6 30. Qxd5 Rxe3 31. Rf1 Re1 32. Be2 Qe3+ 33. Kh2 Rxf1 34. Bxf1 Qf4+ 35. Kg1 g6 36. Qf3 Qxb4 37. Nc3 Qd4+ 38. Kh2 Re3 39. Qa8+ Kg7 40. Ne2 Qe5+ 41. Kg1 Qc5 42. Kh2 Qe5+ 43. Kg1 a5 44. Qb7 Qc5 45. Kh2 Ra3 46. Qe4 Rxa2 47. Qf3 Ra3 48. Qf4 a4 49. Nd4 Rc3 50. Nb5 1-0

[Event "TUR-chT Clubs"]
[Site "Konya"]
[Date "2019.07.16"]
[Round "1.9"]
[White "Kelemci, Mehmet Gorkem"]
[Black "Delen, Ruhi Furkan"]
[Result "1-0"]
[WhiteElo "1565"]
[BlackElo "1105"]
[PlyCount "141"]
[EventDate "2019.07.16"]
[EventType "team-swiss"]
[EventRounds "9"]
[EventCountry "TUR"]
[SourceTitle "CBM 191 Extra"]
[Source "ChessBase"]
[SourceDate "2019.09.30"]
[SourceVersion "1"]
[SourceVersionDate "2019.09.30"]
[SourceQuality "1"]
[WhiteTeam "Akcakoca Esentepe Okulu"]
[BlackTeam "Karaman Genclik"]
[WhiteTeamCountry "TUR"]
[BlackTeamCountry "TUR"]

1. e4 c5 2. Nf3 Nc6 3. d4 cxd4 4. Nxd4 d6 5. Nc3 g6 6. Be3 Bg7 7. Qd2 Nf6 8. f3 0-0 9. Bc4 Ne5 10. Bb3 a6 11. h4 h5 12. 0-0-0 Qc7 13. Bh6 Nc4 14. Bxc4 Qxc4 15. Bxg7 Kxg7 16. Qg5 Qc5 17. Qg3 b5 18. Rhe1 e5 19. Nb3 Qb6 20. f4 Ng4 21. fxe5 dxe5 22. Nd5 Qf2 23. Qxf2 Nxf2 24. Rd2 Ng4 25. Nc5 Nf6 26. Nb6 Ra7 27. Rd6 Rc7 28. Nxa6 Bxa6 29. Rxf6 Kxf6 30. Nd5+ Kg7 31. Nxc7 Bb7 32. Nxb5 Rd8 33. a4 Bc6 34. b3 Kf6 35. Kb2 Rd2 36. Na7 Bb7 37. g3 Rd4 38. Nb5 Rxe4 39. Rxe4 Bxe4 40. a5 Bc6 41. Nc3 e4 42. b4 e3 43. Kc1 Bf3 44. b5 Ke5 45. b6 Kd4 46. Na4 Bb7 47. Kd1 Ba6 48. c3+ Kc4 49. b7 Bxb7 50. Ke2 Bc6 51. Nb6+ Kb5 52. Kxe3 Kxa5 53. Nc4+ Ka6 54. Ne5 Bd5 55. Kd4 Be6 56. Kc5 Kb7 57. Kd6 Kb6 58. c4 Ka5 59. c5 Ka6 60. c6 Ka7 61. Ke7 Kb6 62. Nxf7 Bxf7 63. Kxf7 Kxc6 64. Kxg6 Kd6 65. Kxh5 Ke6 66. Kg6 Ke7 67. Kg7 Ke6 68. h5 Kf5 69. h6 Kg4 70. h7 Kxg3 71. h8Q 1-0